[Event "GEO-ch Rapid (Women)"]
[Site "Tbilisi"]
[Date "2023.01.27"]
[Round "4"]
[White "Arabidze, Meri"]
[Black "Mikadze, Miranda"]
[Result "1-0"]
[WhiteElo "2427"]
[BlackElo "2197"]
[PlyCount "138"]
[EventDate "2023.01.26"]
[EventType "swiss (rapid)"]
[EventRounds "9"]
[EventCountry "GEO"]
[SourceTitle "EXT 2024"]
[Source "ChessBase"]
[SourceDate "2023.10.10"]
[SourceVersion "1"]
[SourceVersionDate "2023.10.10"]
[SourceQuality "1"]

1. Nf3 d5 2. g3 c6 3. Bg2 Bf5 4. c4 e6 5. Qb3 Qb6 6. d3 Nd7 7. Be3 Qxb3 8. axb3 Bb4+ 9. Nc3 a5 10. 0-0 Ne7 11. Nd4 0-0 12. Bg5 Bg6 13. cxd5 Nxd5 14. Rfc1 Rfe8 15. Bd2 Bc5 16. Nf3 Nb4 17. Na2 f6 18. Rc4 Nd5 19. Bh3 Bf7 20. d4 Bd6 21. Rcc1 N7b6 22. e4 Nb4 23. Nxb4 Bxb4 24. Be3 Nd7 25. d5 cxd5 26. exd5 Nf8 27. Rc7 exd5 28. Rxb7 Ne6 29. Rc1 Rec8 30. Rxc8+ Rxc8 31. Nd4 Re8 32. Nc6 d4 33. Bxe6 Bxe6 34. Nxd4 Bd5 35. Rd7 Be4 36. g4 g6 37. h3 f5 38. gxf5 gxf5 39. Kh2 Bc5 40. Kg3 Bf8 41. h4 h6 42. h5 Bg7 43. Ra7 Be5+ 44. f4 Bxd4 45. Bxd4 Rb8 46. Rxa5 Rxb3+ 47. Bc3 Rb7 48. Ra6 Kh7 49. Rg6 Rd7 50. Kf2 Rc7 51. Be5 Rb7 52. Ke3 Rb3+ 53. Kd2 Rd3+ 54. Ke2 Rd7 55. b4 Bc2 56. Bd6 Bb3 57. Bf8 Bd1+ 58. Ke1 Bf3 59. Rxh6+ Kg8 60. Bc5 Kg7 61. Rg6+ Kf7 62. Rg5 Kf6 63. h6 Rh7 64. Bf8 Ke6 65. Bg7 Be4 66. Kd2 Kd5 67. Kc3 Kc6 68. Kd4 Kb5 69. Ke5 Kxb4 1-0

[Event "GEO-ch Rapid (Women)"]
[Site "Tbilisi"]
[Date "2023.01.26"]
[Round "2"]
[White "Charkhalashvili, Inga"]
[Black "Mikadze, Miranda"]
[Result "1/2-1/2"]
[WhiteElo "2273"]
[BlackElo "2197"]
[PlyCount "66"]
[EventDate "2023.01.26"]
[EventType "swiss (rapid)"]
[EventRounds "9"]
[EventCountry "GEO"]
[SourceTitle "EXT 2024"]
[Source "ChessBase"]
[SourceDate "2023.10.10"]
[SourceVersion "1"]
[SourceVersionDate "2023.10.10"]
[SourceQuality "1"]

1. d4 d5 2. c4 c6 3. e3 Nf6 4. Nc3 Bf5 5. Qb3 Qb6 6. c5 Qc7 7. Qa4 Nbd7 8. b4 e5 9. b5 Be7 10. bxc6 bxc6 11. Nf3 0-0 12. Be2 Ne4 13. Bd2 Nxd2 14. Nxd2 exd4 15. exd4 Bf6 16. Nb3 Bc2 17. 0-0 Nxc5 18. dxc5 Bxc3 19. Rac1 Bxb3 20. axb3 Be5 21. g3 a5 22. Bd3 Rfe8 23. Rc2 Rab8 24. Ra2 Rb4 25. Qxa5 Qxa5 26. Rxa5 Rxb3 27. Bf5 Bc3 28. Ra6 Bd4 29. Rxc6 g6 30. Bd7 Rd8 31. Rd6 Bxc5 32. Rxd5 Rb2 33. Rxc5 Rxd7 1/2-1/2

[Event "Tbilisi Gaprindashvili Cup (Women)"]
[Site "Tbilisi"]
[Date "2021.09.14"]
[Round "3"]
[White "Mikadze, Miranda"]
[Black "Donghvani, Nia"]
[Result "1-0"]
[WhiteElo "2237"]
[BlackElo "1959"]
[PlyCount "101"]
[EventDate "2021.09.13"]
[EventType "swiss"]
[EventRounds "8"]
[EventCountry "GEO"]
[SourceTitle "CBM 204 Extra"]
[Source "ChessBase"]
[SourceDate "2021.11.30"]
[SourceVersion "1"]
[SourceVersionDate "2021.11.30"]
[SourceQuality "1"]

1. e4 d6 2. d4 g6 3. g3 Bg7 4. Bg2 Nd7 5. Ne2 Ngf6 6. 0-0 0-0 7. c4 e5 8. Nbc3 exd4 9. Nxd4 Re8 10. Re1 a5 11. b3 Nc5 12. Bb2 Bd7 13. Qc2 c6 14. Rad1 Qc7 15. Nde2 Rad8 16. Nf4 Bg4 17. f3 Bc8 18. Nce2 h5 19. Bc3 Nfd7 20. Bxg7 Kxg7 21. Nd3 Nxd3 22. Rxd3 Ne5 23. Qc3 f6 24. Rd2 Rh8 25. f4 Nf7 26. h3 Rhe8 27. Red1 b6 28. Nd4 Bd7 29. a4 Qc8 30. Kh2 Rh8 31. Nf3 h4 32. Nxh4 Be6 33. Qc2 g5 34. fxg5 fxg5 35. Nf5+ Bxf5 36. exf5 Rh6 37. Qc3+ Rf6 38. g4 Ne5 39. Qe3 Nf7 40. Qxb6 d5 41. Qxa5 Qb8+ 42. Kh1 Qxb3 43. cxd5 cxd5 44. Rxd5 Rxd5 45. Qxd5 Qxa4 46. Qd4 Qb3 47. Re1 Qa3 48. Kh2 Qa5 49. Re6 Qc7+ 50. Kg1 Qc1+ 51. Bf1 1-0

[Event "Tbilisi Gaprindashvili Cup (Women)"]
[Site "Tbilisi"]
[Date "2021.09.13"]
[Round "2"]
[White "Arabidze, Meri"]
[Black "Mikadze, Miranda"]
[Result "1-0"]
[WhiteElo "2441"]
[BlackElo "2237"]
[PlyCount "97"]
[EventDate "2021.09.13"]
[EventType "swiss"]
[EventRounds "8"]
[EventCountry "GEO"]
[SourceTitle "CBM 204 Extra"]
[Source "ChessBase"]
[SourceDate "2021.11.30"]
[SourceVersion "1"]
[SourceVersionDate "2021.11.30"]
[SourceQuality "1"]

1. Nf3 d5 2. g3 c6 3. Bg2 Bf5 4. 0-0 e6 5. d3 Bc5 6. Qe1 Ne7 7. Qc3 Qb6 8. Qxg7 Rg8 9. Qh6 Nd7 10. Nc3 Qa6 11. e4 dxe4 12. Nxe4 Bxe4 13. dxe4 Qe2 14. c3 Qxe4 15. Ng5 Qg6 16. Ne4 Qxh6 17. Bxh6 Nf5 18. Bf4 Be7 19. Bh3 Nh4 20. Rfd1 Nc5 21. Nd6+ Bxd6 22. Bxd6 Ne4 23. Bf4 h5 24. Kf1 Ng6 25. Be3 f5 26. Ke2 a6 27. f3 Nf6 28. c4 Kf7 29. b3 Rad8 30. Bg5 Ne5 31. Bf4 Ng6 32. Bc7 Rxd1 33. Rxd1 Rc8 34. Bb6 Nf8 35. Kf2 N8d7 36. Be3 c5 37. Bf1 b6 38. h4 Ne5 39. Rd6 Nc6 40. Bg5 Ke7 41. Rd1 Nd4 42. Be2 Kf7 43. Bf4 a5 44. Be5 Nc6 45. Bxf6 Kxf6 46. f4 Nb4 47. Bxh5 Nxa2 48. Rd7 Nc3 49. Rf7# 1-0

[Event "Tbilisi Chiburdanidze Cup (Women)"]
[Site "Tbilisi"]
[Date "2021.09.11"]
[Round "7"]
[White "Mikadze, Miranda"]
[Black "Gvetadze, Sofio"]
[Result "1-0"]
[WhiteElo "2237"]
[BlackElo "2302"]
[PlyCount "153"]
[EventDate "2021.09.08"]
[EventType "swiss (rapid)"]
[EventRounds "8"]
[EventCountry "GEO"]
[SourceTitle "CBM 204 Extra"]
[Source "ChessBase"]
[SourceDate "2021.11.30"]
[SourceVersion "1"]
[SourceVersionDate "2021.11.30"]
[SourceQuality "1"]

1. e4 g6 2. d4 Bg7 3. Nf3 c6 4. Bd3 Nf6 5. 0-0 0-0 6. e5 Nd5 7. Re1 d6 8. exd6 Qxd6 9. Nbd2 Nb4 10. Nc4 Qc7 11. Bf1 Bg4 12. c3 Nd5 13. h3 Bxf3 14. Qxf3 Nd7 15. Ne3 N7f6 16. Bd2 Rad8 17. Rad1 Rfe8 18. Nc4 Nd7 19. Bg5 b5 20. Ne3 N7f6 21. Bh4 a6 22. Bg3 Qa5 23. a3 Nh5 24. Bh2 Qb6 25. Ng4 Nhf6 26. Ne5 e6 27. g4 Rf8 28. Nd3 Nd7 29. Bd6 Rfe8 30. h4 Nf8 31. Bg3 Nd7 32. Bd6 Nf8 33. Bg3 Nd7 34. Bd6 Nf8 35. Be5 f6 36. Bg3 Nd7 37. h5 g5 38. Nb4 a5 39. Nc2 Nf8 40. Bd3 Qb7 41. Ne3 Qd7 42. c4 Nxe3 43. fxe3 Re7 44. cxb5 cxb5 45. Rc1 Qd5 46. Qxd5 Rxd5 47. Rc8 Kh8 48. Bc7 e5 49. Bxa5 exd4 50. exd4 Rxe1+ 51. Bxe1 Rxd4 52. Bf5 Kg8 53. Be6+ Kh8 54. Bc3 Re4 55. Bf5 Re2 56. Kf1 Re3 57. Kf2 Rh3 58. Re8 Rh2+ 59. Kg1 Rh3 60. Kg2 Rh4 61. Bb4 Kg8 62. Be6+ Kh8 63. Bxf8 Bxf8 64. Rxf8+ Kg7 65. Rf7+ Kh6 66. Rxf6+ Kg7 67. Rf7+ Kh8 68. Bf5 h6 69. Rh7+ Kg8 70. Rxh6 b4 71. axb4 Kg7 72. Rg6+ Kh8 73. Rh6+ Kg7 74. Rh7+ Kf6 75. Ra7 Ke5 76. b5 Kd5 77. Rc7 1-0

[Event "Tbilisi Chiburdanidze Cup (Women)"]
[Site "Tbilisi"]
[Date "2021.09.10"]
[Round "6"]
[White "Mikadze, Miranda"]
[Black "Sichinava, Mariam"]
[Result "1-0"]
[WhiteElo "2237"]
[BlackElo "1607"]
[PlyCount "105"]
[EventDate "2021.09.08"]
[EventType "swiss (rapid)"]
[EventRounds "8"]
[EventCountry "GEO"]
[SourceTitle "CBM 204 Extra"]
[Source "ChessBase"]
[SourceDate "2021.11.30"]
[SourceVersion "1"]
[SourceVersionDate "2021.11.30"]
[SourceQuality "1"]

1. e4 c5 2. c3 Nf6 3. e5 Nd5 4. Bc4 Nb6 5. Bb3 c4 6. Bc2 d6 7. exd6 Qxd6 8. Nf3 Qe6+ 9. Qe2 Qxe2+ 10. Kxe2 Nc6 11. a4 e5 12. Na3 a6 13. a5 Nxa5 14. Nxe5 Bd6 15. d4 cxd3+ 16. Nxd3 0-0 17. Bf4 Re8+ 18. Kf3 Bxf4 19. Nxf4 Nc6 20. Rhe1 Bd7 21. Rad1 Ne5+ 22. Kg3 Bc6 23. Bb3 g6 24. f3 Kg7 25. Nc2 Ba4 26. Bxa4 Nxa4 27. Rd5 Nc6 28. Rd7 Rxe1 29. Nxe1 Nxb2 30. Rxb7 Nc4 31. Rc7 N6e5 32. Ne6+ Kf6 33. Nc5 g5 34. h4 h6 35. f4 gxf4+ 36. Kxf4 a5 37. Nf3 Nxf3 38. gxf3 Ne5 39. Na4 Ra6 40. c4 Nd3+ 41. Ke4 Nb4 42. c5 Ke6 43. Kd4 Nc6+ 44. Kc4 Na7 45. Rb7 Nc8 46. Nb6 Nxb6+ 47. Rxb6+ Rxb6 48. cxb6 Kd6 49. Kb5 a4 50. Ka6 a3 51. b7 Kc7 52. Ka7 a2 53. b8Q+ 1-0

[Event "Tbilisi Chiburdanidze Cup (Women)"]
[Site "Tbilisi"]
[Date "2021.09.09"]
[Round "4"]
[White "Mikadze, Miranda"]
[Black "Arabidze, Meri"]
[Result "1/2-1/2"]
[WhiteElo "2237"]
[BlackElo "2441"]
[PlyCount "98"]
[EventDate "2021.09.08"]
[EventType "swiss (rapid)"]
[EventRounds "8"]
[EventCountry "GEO"]
[SourceTitle "CBM 204 Extra"]
[Source "ChessBase"]
[SourceDate "2021.11.30"]
[SourceVersion "1"]
[SourceVersionDate "2021.11.30"]
[SourceQuality "1"]

1. e4 e5 2. Nf3 Nc6 3. Bb5 a6 4. Ba4 Nf6 5. d3 d6 6. c3 g6 7. 0-0 Bg7 8. Nbd2 0-0 9. Re1 Nd7 10. b4 a5 11. b5 Ne7 12. d4 Nb6 13. Bc2 a4 14. Ba3 exd4 15. cxd4 Be6 16. Bd3 h6 17. Qc2 g5 18. Rac1 Rc8 19. d5 Bd7 20. Bb2 Ng6 21. Bxg7 Kxg7 22. Nc4 Nxc4 23. Qxc4 g4 24. Nd4 Ne5 25. Qc3 Qf6 26. Bc2 c5 27. dxc6 bxc6 28. b6 Rb8 29. Rb1 c5 30. Ne2 h5 31. Qg3 h4 32. Qf4 Qg6 33. Red1 h3 34. gxh3 f5 35. Ng3 fxe4 36. Qxe4 Nf3+ 37. Qxf3 Qxc2 38. Qe3 Rxb6 39. Rbc1 Qg6 40. Rd5 Rf3 41. Qe7+ Rf7 42. Qd8 Rb1 43. Rxb1 Qxb1+ 44. Nf1 Qxa2 45. Qg5+ Kf8 46. Qd8+ Kg7 47. Qg5+ Kf8 48. Qd8+ Kg7 49. Qg5+ Kf8 1/2-1/2

[Event "GEO-ch (Women) 1st League 78th"]
[Site "Tbilisi"]
[Date "2021.03.26"]
[Round "9"]
[White "Mikadze, Miranda"]
[Black "Gvetadze, Sofio"]
[Result "0-1"]
[WhiteElo "2269"]
[BlackElo "2317"]
[PlyCount "98"]
[EventDate "2021.03.18"]
[EventType "swiss"]
[EventRounds "9"]
[EventCountry "GEO"]
[SourceTitle "CBM 201 Extra"]
[Source "ChessBase"]
[SourceDate "2021.05.31"]
[SourceVersion "1"]
[SourceVersionDate "2021.05.31"]
[SourceQuality "1"]

1. e4 d6 2. d4 Nf6 3. Nc3 c6 4. a4 Nbd7 5. Nf3 e5 6. g3 Be7 7. Bg2 0-0 8. 0-0 a5 9. b3 Re8 10. Bb2 Bf8 11. Re1 Qc7 12. Qd2 Nb6 13. h3 Bd7 14. Rad1 Rad8 15. Nb1 exd4 16. Nxd4 d5 17. exd5 Rxe1+ 18. Qxe1 Nbxd5 19. Nc3 Re8 20. Qd2 Nb4 21. g4 Bc8 22. Nce2 h5 23. gxh5 Nxh5 24. Qg5 Re5 25. Qd2 Qe7 26. Ng3 Nxg3 27. fxg3 c5 28. c3 Na6 29. Ba3 Qe8 30. Nb5 Re2 31. Qd3 Qe5 32. Bc1 c4 33. bxc4 Bf5 34. Qf3 Bc2 35. Rf1 Bc5+ 36. Kh2 Bg6 37. Bf4 Qe4 38. Kh1 Qc2 39. Rc1 Qa2 40. Qxb7 Be4 41. Qxe4 Rxe4 42. Bxe4 Qxc4 43. Bb7 Qe6 44. g4 Qb6 45. Bd5 Qf6 46. Rf1 Be3 47. Bb7 Nc5 48. g5 Qf5 49. Nd4 Qxh3+ 0-1

[Event "GEO-ch (Women) 1st League 78th"]
[Site "Tbilisi"]
[Date "2021.03.19"]
[Round "2"]
[White "Mikadze, Miranda"]
[Black "Sichinava, Mariam"]
[Result "1-0"]
[WhiteElo "2269"]
[BlackElo "1516"]
[PlyCount "91"]
[EventDate "2021.03.18"]
[EventType "swiss"]
[EventRounds "9"]
[EventCountry "GEO"]
[SourceTitle "CBM 201 Extra"]
[Source "ChessBase"]
[SourceDate "2021.05.31"]
[SourceVersion "1"]
[SourceVersionDate "2021.05.31"]
[SourceQuality "1"]

1. e4 c5 2. c3 Nf6 3. e5 Nd5 4. Bc4 Nb6 5. Bb3 g6 6. Nf3 Bg7 7. 0-0 0-0 8. a4 a5 9. Na3 Nc6 10. d4 cxd4 11. cxd4 d6 12. exd6 exd6 13. h3 Bf5 14. Re1 d5 15. Bf4 Nb4 16. Re2 Rc8 17. Nb5 Bd3 18. Rd2 Bxb5 19. axb5 Nc4 20. Bxc4 Rxc4 21. Ne5 Rc8 22. Qa4 Bxe5 23. Bxe5 b6 24. Qb3 Qd7 25. Re1 f6 26. Bg3 Rfe8 27. Rde2 Qxb5 28. Qf3 Rxe2 29. Rxe2 Kf7 30. Be5 Qc6 31. h4 b5 32. h5 Qc1+ 33. Kh2 Qg5 34. g4 gxh5 35. gxh5 Rg8 36. Bg3 Nc6 37. Rc2 Rc8 38. Qd3 Qxh5+ 39. Kg1 Nb4 40. Qxb5 Rxc2 41. Qd7+ Kg6 42. Qe8+ Kg5 43. Bf4+ Kg4 44. f3+ Kh4 45. Qe1+ Kh3 46. Qg3# 1-0

[Event "Gaprindashvili Cup (Women)"]
[Site "Tornelo INT"]
[Date "2020.11.10"]
[Round "7"]
[White "Janiashvili, Mariam"]
[Black "Mikadze, Miranda"]
[Result "1/2-1/2"]
[WhiteElo "1963"]
[BlackElo "2269"]
[PlyCount "93"]
[EventDate "2020.11.08"]
[EventType "swiss (rapid)"]
[EventRounds "9"]
[EventCountry "GEO"]
[SourceTitle "CBM 199 Extra"]
[Source "ChessBase"]
[SourceDate "2021.01.31"]
[SourceVersion "1"]
[SourceVersionDate "2021.01.31"]
[SourceQuality "1"]

1. d4 d5 2. c4 c6 3. cxd5 cxd5 4. Nc3 Nc6 5. Bf4 Nf6 6. e3 e6 7. Nf3 Bd6 8. Bxd6 Qxd6 9. Bd3 0-0 10. Rc1 b6 11. 0-0 Bb7 12. Nb5 Qe7 13. Ne5 Rfc8 14. f4 Ne4 15. Qh5 f6 16. Nf3 Nb4 17. Bb1 Ba6 18. a4 Bxb5 19. axb5 Qd7 20. g4 Rxc1 21. Rxc1 Rc8 22. Rf1 g6 23. Qh3 Nc2 24. g5 Nxe3 25. Re1 Nf5 26. gxf6 Nxf6 27. Ng5 Nxd4 28. Nxe6 Nxe6 29. f5 Ng7 30. Qh4 Ne4 31. fxg6 hxg6 32. Rxe4 Rc1+ 33. Re1 Rxe1+ 34. Qxe1 Qxb5 35. Bxg6 Qxb2 36. Qh4 Qc1+ 37. Kg2 Qd2+ 38. Kg1 Qe3+ 39. Kg2 Qd2+ 40. Kg1 Qc1+ 41. Kg2 Qd2+ 42. Kg1 Qe3+ 43. Kg2 Qe2+ 44. Kg1 Qe3+ 45. Kg2 Qe2+ 46. Kg1 Qe3+ 47. Kg2 1/2-1/2

[Event "Gaprindashvili Cup (Women)"]
[Site "Tornelo INT"]
[Date "2020.11.09"]
[Round "5"]
[White "Khukhashvili, Sopiko"]
[Black "Mikadze, Miranda"]
[Result "1-0"]
[WhiteElo "2334"]
[BlackElo "2269"]
[PlyCount "75"]
[EventDate "2020.11.08"]
[EventType "swiss (rapid)"]
[EventRounds "9"]
[EventCountry "GEO"]
[SourceTitle "CBM 199 Extra"]
[Source "ChessBase"]
[SourceDate "2021.01.31"]
[SourceVersion "1"]
[SourceVersionDate "2021.01.31"]
[SourceQuality "1"]

1. e4 c6 2. d4 d5 3. exd5 cxd5 4. c4 Nf6 5. Nc3 Nc6 6. Nf3 Be6 7. c5 g6 8. Bb5 Bg7 9. 0-0 0-0 10. h3 Qc7 11. Re1 Bf5 12. Bg5 Rfd8 13. Nh4 Bc8 14. Bxc6 bxc6 15. Qd2 Re8 16. Bf4 Qb7 17. Re2 Nd7 18. Nf3 Nf8 19. Bh6 Qc7 20. Bxg7 Kxg7 21. Rae1 h6 22. b4 Rb8 23. b5 e6 24. bxc6 Qxc6 25. Ne5 Qc7 26. Ng4 g5 27. Nxd5 exd5 28. Rxe8 Ne6 29. Qe3 Rb4 30. Rxc8 Qxc8 31. Qe5+ Kh7 32. Qf5+ Kh8 33. Qf6+ Kg8 34. Nxh6+ Kh7 35. Nxf7 Ng7 36. Qh6+ Kg8 37. Qh8+ Kxf7 38. Qxc8 1-0

[Event "Gaprindashvili Cup (Women)"]
[Site "Tornelo INT"]
[Date "2020.11.09"]
[Round "6"]
[White "Mikadze, Miranda"]
[Black "Khomeriki, Nino"]
[Result "0-1"]
[WhiteElo "2269"]
[BlackElo "2293"]
[PlyCount "74"]
[EventDate "2020.11.08"]
[EventType "swiss (rapid)"]
[EventRounds "9"]
[EventCountry "GEO"]
[SourceTitle "CBM 199 Extra"]
[Source "ChessBase"]
[SourceDate "2021.01.31"]
[SourceVersion "1"]
[SourceVersionDate "2021.01.31"]
[SourceQuality "1"]

1. e4 e5 2. Nf3 Nc6 3. Bb5 a6 4. Ba4 Nf6 5. Qe2 d6 6. c3 Be7 7. 0-0 0-0 8. h3 Nd7 9. d4 b5 10. Bb3 Bf6 11. a4 Rb8 12. axb5 axb5 13. d5 Ne7 14. Na3 b4 15. cxb4 Rxb4 16. Bc4 Ng6 17. Nc2 Rb8 18. b4 Nf4 19. Qd2 Nb6 20. Bb3 Bd7 21. Ra5 Bg5 22. Ne3 f5 23. Qc2 Kh8 24. Nxf5 g6 25. Ng3 Nxh3+ 26. gxh3 Rxf3 27. Kg2 Rf7 28. Ra7 Bf4 29. Qc3 Qh4 30. Rh1 Bxg3 31. Qxg3 Qxe4+ 32. Kh2 Rbf8 33. Be3 Rf3 34. Qg2 Rxh3+ 35. Kg1 Qb1+ 36. Qf1 Rxh1+ 37. Kxh1 Qxf1+ 0-1

[Event "Gaprindashvili Cup (Women)"]
[Site "Tornelo INT"]
[Date "2020.11.09"]
[Round "4"]
[White "Mikadze, Miranda"]
[Black "Khurtsilava, Inga"]
[Result "1-0"]
[WhiteElo "2269"]
[BlackElo "2260"]
[PlyCount "51"]
[EventDate "2020.11.08"]
[EventType "swiss (rapid)"]
[EventRounds "9"]
[EventCountry "GEO"]
[SourceTitle "CBM 199 Extra"]
[Source "ChessBase"]
[SourceDate "2021.01.31"]
[SourceVersion "1"]
[SourceVersionDate "2021.01.31"]
[SourceQuality "1"]

1. e4 c5 2. c3 d5 3. exd5 Qxd5 4. d4 Nc6 5. Nf3 e6 6. Na3 a6 7. Nc4 Qd8 8. Be3 b5 9. Nce5 Nxe5 10. Nxe5 Qc7 11. a4 Bd6 12. axb5 Bxe5 13. dxe5 Qxe5 14. bxa6 Nf6 15. Bb5+ Ke7 16. 0-0 Rd8 17. Qf3 Bd7 18. Bxd7 Nxd7 19. Rfd1 Qc7 20. b4 Ke8 21. h3 Ne5 22. Rxd8+ Rxd8 23. Qg3 cxb4 24. Qxg7 Qc6 25. Qxe5 bxc3 26. Qh8+ 1-0

[Event "EU-ch Online U2300 Qual"]
[Site "Chess.com INT"]
[Date "2020.05.25"]
[Round "4"]
[White "Mikadze, Miranda"]
[Black "Usmanov, Ilnur"]
[Result "0-1"]
[WhiteElo "2269"]
[BlackElo "2147"]
[PlyCount "90"]
[EventDate "2020.05.25"]
[EventType "swiss"]
[EventRounds "8"]
[EventCountry "NET"]
[SourceTitle "EXT 2021"]
[Source "ChessBase"]
[SourceDate "2020.10.23"]
[SourceVersion "1"]
[SourceVersionDate "2020.10.23"]
[SourceQuality "1"]

1. e4 c6 2. d4 d5 3. e5 Bf5 4. Bd3 Bxd3 5. Qxd3 e6 6. Nf3 c5 7. 0-0 Nc6 8. dxc5 Bxc5 9. c4 Nge7 10. Nc3 Nb4 11. Qe2 0-0 12. a3 Nbc6 13. Rd1 a5 14. Bg5 Qd7 15. Rac1 Ba7 16. h4 h6 17. Bf4 Rfd8 18. h5 Rac8 19. Ne4 Nf5 20. c5 b6 21. g4 Nfe7 22. cxb6 Bxb6 23. Bxh6 Qc7 24. Nf6+ gxf6 25. exf6 Qg3+ 26. Kf1 Qh3+ 27. Ke1 Qxg4 28. fxe7 Nxe7 29. Bg5 Rd7 30. h6 Qf5 31. Be3 Bxe3 32. Qxe3 Rdc7 33. Rxc7 Rxc7 34. Nd4 Qg6 35. Ke2 Rb7 36. Rd2 Kh7 37. Nf3 Qxh6 38. Ng5+ Kg6 39. f4 Nf5 40. Qf2 Qh5+ 41. Kd3 e5 42. Kc2 Nd4+ 43. Kb1 Qh1+ 44. Ka2 Nb3 45. Rc2 Qa1# 0-1

[Event "Titled Tuesday intern op 19th May"]
[Site "Chess.com INT"]
[Date "2020.05.19"]
[Round "1"]
[White "Mikadze, Miranda"]
[Black "Franca, Ricardo Bedin"]
[Result "0-1"]
[WhiteElo "2269"]
[BlackElo "2278"]
[PlyCount "42"]
[EventDate "2020.05.19"]
[EventType "swiss (blitz)"]
[EventRounds "10"]
[EventCountry "USA"]
[SourceTitle "EXT 2021"]
[Source "ChessBase"]
[SourceDate "2020.10.23"]
[SourceVersion "1"]
[SourceVersionDate "2020.10.23"]
[SourceQuality "1"]

1. e4 e5 2. Nf3 Nc6 3. Nc3 Nf6 4. Bc4 Nxe4 5. Bxf7+ Kxf7 6. Nxe4 d5 7. Neg5+ Kg8 8. d4 h6 9. Nh3 e4 10. Nfg1 Qf6 11. Be3 Bd6 12. Qd2 Bg4 13. c3 Rf8 14. Ne2 g5 15. 0-0-0 b5 16. Nhg1 b4 17. h3 Bd7 18. f3 bxc3 19. Qxc3 Nb4 20. fxe4 Nxa2+ 21. Kb1 Nxc3+ 0-1

[Event "Titled Tuesday intern op 19th May"]
[Site "Chess.com INT"]
[Date "2020.05.19"]
[Round "7"]
[White "Mikadze, Miranda"]
[Black "Winslow, Elliott C"]
[Result "1-0"]
[WhiteElo "2269"]
[BlackElo "2150"]
[PlyCount "107"]
[EventDate "2020.05.19"]
[EventType "swiss (blitz)"]
[EventRounds "10"]
[EventCountry "USA"]
[SourceTitle "EXT 2021"]
[Source "ChessBase"]
[SourceDate "2020.10.23"]
[SourceVersion "1"]
[SourceVersionDate "2020.10.23"]
[SourceQuality "1"]

1. e4 c5 2. c3 Nf6 3. e5 Nd5 4. d4 cxd4 5. cxd4 d6 6. Nf3 Nc6 7. h3 Bf5 8. Bd3 Bxd3 9. Qxd3 e6 10. 0-0 dxe5 11. dxe5 Ndb4 12. Qb5 a6 13. Qe2 Qd3 14. Re1 0-0-0 15. Na3 Qxe2 16. Rxe2 Rd1+ 17. Kh2 Nd3 18. Rc2 Bxa3 19. bxa3 Rd8 20. Kg3 Kb8 21. Rb1 Ka8 22. Rc3 Ndxe5 23. Nxe5 Nxe5 24. Rbb3 R1d7 25. Bf4 Nc6 26. Be3 e5 27. Rb6 Rd6 28. Bc5 Rd3+ 29. Rxd3 Rxd3+ 30. f3 f5 31. Rb2 g5 32. h4 h6 33. hxg5 hxg5 34. Kf2 Kb8 35. a4 Kc7 36. Bb6+ Kc8 37. a5 e4 38. fxe4 fxe4 39. Re2 Ra3 40. Rxe4 Rxa2+ 41. Kg3 Nxa5 42. Re5 Nc6 43. Rxg5 Rb2 44. Bc5 b5 45. Rg6 Kd7 46. Rd6+ Kc7 47. Kh3 a5 48. g4 b4 49. g5 Ne5 50. Re6 Rb3+ 51. Kh4 Nd7 52. Bd6+ Kd8 53. Rh6 Re3 54. Rh8+ 1-0

[Event "Tbilisi Maia Cup rapid"]
[Site "Tbilisi"]
[Date "2019.09.06"]
[Round "6"]
[White "Mikadze, Miranda"]
[Black "Sanikidze, Tornike"]
[Result "1/2-1/2"]
[WhiteElo "2279"]
[BlackElo "2515"]
[PlyCount "133"]
[EventDate "2019.09.05"]
[EventType "swiss (rapid)"]
[EventRounds "9"]
[EventCountry "GEO"]
[SourceTitle "EXT 2020"]
[Source "ChessBase"]
[SourceDate "2019.10.17"]
[SourceVersion "1"]
[SourceVersionDate "2019.10.17"]
[SourceQuality "1"]

1. e4 d6 2. d4 g6 3. Nf3 Bg7 4. Be2 e6 5. 0-0 Ne7 6. Be3 Nd7 7. c3 b6 8. Qc1 Bb7 9. Bd3 h6 10. a4 a6 11. a5 b5 12. c4 bxc4 13. Qxc4 0-0 14. Nc3 d5 15. Qb3 Rb8 16. Qc2 Qc8 17. exd5 Nxd5 18. Nxd5 Bxd5 19. Rac1 c5 20. Qe2 Qd8 21. dxc5 Rxb2 22. Rc2 Rxc2 23. Qxc2 Qxa5 24. Rc1 Rc8 25. Nd2 Bf8 26. Bxg6 fxg6 27. Qxg6+ Kh8 28. Bxh6 Bxh6 29. Qxh6+ Kg8 30. Ne4 Bxe4 31. Qxe6+ Kf8 32. Qxd7 Qd8 33. Qg4 Bd5 34. Qf4+ Bf7 35. Qh6+ Kg8 36. Qxa6 Ra8 37. Qh6 Qd5 38. c6 Rc8 39. c7 Rxc7 40. h3 Rxc1+ 41. Qxc1 Qe5 42. Qc8+ Kh7 43. Qc2+ Bg6 44. Qd2 Qc7 45. Qe3 Qd6 46. f4 Qd1+ 47. Kh2 Qd6 48. g4 Bd3 49. Kg3 Bg6 50. h4 Qd3 51. Qxd3 Bxd3 52. f5 Kh6 53. Kf4 Be2 54. g5+ Kg7 55. Ke5 Kf7 56. Kd6 Bg4 57. Ke5 Be2 58. Kf4 Bd1 59. Ke5 Be2 60. g6+ Kg7 61. Ke6 Bg4 62. Ke5 Bd1 63. Ke6 Bg4 64. h5 Bxh5 65. f6+ Kxg6 66. f7 Kg7 67. Ke7 1/2-1/2

[Event "Tbilisi Maia Cup rapid"]
[Site "Tbilisi"]
[Date "2019.09.06"]
[Round "8"]
[White "Mikadze, Miranda"]
[Black "Volkov, Nika"]
[Result "0-1"]
[WhiteElo "2279"]
[BlackElo "2066"]
[PlyCount "100"]
[EventDate "2019.09.05"]
[EventType "swiss (rapid)"]
[EventRounds "9"]
[EventCountry "GEO"]
[SourceTitle "EXT 2020"]
[Source "ChessBase"]
[SourceDate "2019.10.17"]
[SourceVersion "1"]
[SourceVersionDate "2019.10.17"]
[SourceQuality "1"]

1. e4 e6 2. d4 d5 3. Bd3 c5 4. exd5 exd5 5. dxc5 Bxc5 6. Nf3 Nf6 7. 0-0 0-0 8. Bg5 Nc6 9. Nbd2 Bg4 10. c3 Re8 11. Qc2 h6 12. Bh4 Qd6 13. Bg3 Qd7 14. h3 Be6 15. Rfe1 Rac8 16. Qd1 a6 17. Nb3 Bb6 18. Ne5 Nxe5 19. Bxe5 Ne4 20. Bd4 Bc7 21. f3 Nf6 22. Qd2 Nh5 23. Be5 Bxh3 24. Bxc7 Qxc7 25. Rxe8+ Rxe8 26. Re1 Rxe1+ 27. Qxe1 Be6 28. Nd4 Nf4 29. Bf1 Qd6 30. Qe3 Ng6 31. Ne2 h5 32. Qa7 Qe5 33. Kf2 Qc7 34. Nd4 h4 35. Nxe6 fxe6 36. Qa8+ Kf7 37. Bd3 Qg3+ 38. Kf1 Nf4 39. Qxb7+ Kf6 40. Bxa6 Qxg2+ 41. Ke1 Qg1+ 42. Kd2 Qf2+ 43. Kc1 h3 44. Qb8 Qe3+ 45. Kc2 Qxf3 46. Bb5 h2 47. Qf8+ Kg6 48. Qe8+ Kh7 49. Kb3 h1Q 50. a4 Qb1 0-1

[Event "EU-ch (Women) 20th"]
[Site "Antalya"]
[Date "2019.04.22"]
[Round "11"]
[White "Mikadze, Miranda"]
[Black "Protopopova, Anastasiya"]
[Result "1-0"]
[WhiteElo "2266"]
[BlackElo "2308"]
[PlyCount "77"]
[EventDate "2019.04.11"]
[EventType "swiss"]
[EventRounds "11"]
[EventCountry "TUR"]
[SourceTitle "CBM 190"]
[Source "ChessBase"]
[SourceDate "2019.06.30"]
[SourceVersion "1"]
[SourceVersionDate "2019.06.30"]
[SourceQuality "1"]

1. e4 c6 2. d4 d5 3. e5 Bf5 4. h4 h5 5. Bd3 Bxd3 6. Qxd3 e6 7. Bg5 Qb6 8. Nc3 Ne7 9. Nf3 Nd7 10. 0-0 Nf5 11. Ne2 Be7 12. Bxe7 Nxe7 13. b3 c5 14. c4 cxd4 15. cxd5 Nxd5 16. Nexd4 Nc5 17. Qd2 0-0-0 18. Rfc1 Kb8 19. Rc4 Rc8 20. Rac1 Ne4 21. Rxc8+ Rxc8 22. Rxc8+ Kxc8 23. Qd3 Ndc3 24. Ng5 Qxd4 25. Qxd4 Ne2+ 26. Kf1 Nxd4 27. Nxe4 Nf5 28. Ng5 Nh6 29. Ke2 Kd7 30. Kd3 Ng4 31. Nxf7 Ke7 32. f3 Kxf7 33. fxg4 Kg6 34. gxh5+ Kf5 35. Kc4 b6 36. Kb5 Kf4 37. Kc6 Kxe5 38. g4 Kf4 39. g5 1-0